列車交換が可能なJR在来線の駅(サドンデス) - Statistics

General Stats
  • This quiz has been taken 42 times
  • The average score is 3 of 40
Answers on the Grid
Answers color-coded by a green-red scale on the quiz's grid according to % correct below.
仁木駅
北海道
JR北海道 函館本線
端野駅
北海道
JR北海道 石北本線
名寄高校駅
北海道
JR北海道 宗谷本線
新大楽毛駅
北海道
JR北海道 根室本線
北浜駅
北海道
JR北海道 釧網本線
大岸駅
北海道
JR北海道 室蘭本線
鵡川駅
北海道
JR北海道 日高本線
鹿討駅
北海道
JR北海道 富良野線
川端駅
北海道
JR北海道 石勝線
中沢駅
青森県
JR東日本 津軽線
下北駅
青森県
JR東日本 大湊線
陸奥白浜駅
青森県
JR東日本 八戸線
松尾八幡平駅
岩手県
JR東日本 花輪線
陸中川井駅
岩手県
JR東日本 山田線
岩沢駅
岩手県
JR東日本 釜石線
岩手二日町駅
岩手県
JR東日本 北上線
折壁駅
岩手県
JR東日本 大船渡線
羽後長野駅
秋田県
JR東日本 田沢湖線
八森駅
秋田県
JR東日本 五能線
船越駅
秋田県
JR東日本 男鹿線
鹿又駅
宮城県
JR東日本 石巻線
手樽駅
宮城県
JR東日本 仙石線
柳津駅
宮城県
JR東日本 気仙沼線
北山駅
宮城県
JR東日本 仙山線
大滝駅
山形県
JR東日本 奥羽本線
立小路駅
山形県
JR東日本 陸羽東線
古口駅
山形県
JR東日本 陸羽西線
羽前高松駅
山形県
JR東日本 左沢線
羽前沼沢駅
山形県
JR東日本 米坂線
夜ノ森駅
福島県
JR東日本 常磐線
大越駅
福島県
JR東日本 磐越東線
郡山富田駅
福島県
JR東日本 磐越西線
磐城浅川駅
福島県
JR東日本 水郡線
会津本郷駅
福島県
JR東日本 只見線
東結城駅
茨城県
JR東日本 水戸線
延方駅
茨城県
JR東日本 鹿島線
大平下駅
栃木県
JR東日本 両毛線
文挟駅
栃木県
JR東日本 日光線
大金駅
栃木県
JR東日本 烏山線
岩本駅
群馬県
JR東日本 上越線
群馬原町駅
群馬県
JR東日本 吾妻線
笠幡駅
埼玉県
JR東日本 川越線
折原駅
埼玉県
JR東日本 八高線
倉橋駅
千葉県
JR東日本 総武本線
下総橘駅
千葉県
JR東日本 成田線
九重駅
千葉県
JR東日本 内房線
行川アイランド駅
千葉県
JR東日本 外房線
上総清川駅
千葉県
JR東日本 久留里線
武蔵引田駅
東京都
JR東日本 五日市線
日向和田駅
東京都
JR東日本 青梅線
厚木駅
神奈川県
JR東日本 相模線
昭和駅
神奈川県
JR東日本 鶴見線
越後広田駅
新潟県
JR東日本 信越本線
神山駅
新潟県
JR東日本 羽越本線
黒山駅
新潟県
JR東日本 白新線
小島谷駅
新潟県
JR東日本 越後線
燕三条駅
新潟県
JR東日本 弥彦線
冠着駅
長野県
JR東日本 篠ノ井線
佐久平駅
長野県
JR東日本 小海線
白馬大池駅
長野県
JR東日本 大糸線
平滝駅
長野県
JR東日本 飯山線
洗馬駅
長野県
JR東海 中央本線
大田切駅
長野県
JR東海 飯田線
宇佐美駅
静岡県
JR東日本 伊東線
向市場駅
静岡県
JR東海 飯田線
善光寺駅
山梨県
JR東海 身延線
井出駅
山梨県
JR東海 身延線
尾張森岡駅
愛知県
JR東海 武豊線
飛騨金山駅
岐阜県
JR東海 高山本線
根本駅
岐阜県
JR東海 太多線
三木里駅
三重県
JR東海 紀勢本線
二見浦駅
三重県
JR東海 参宮線
伊勢鎌倉駅
三重県
JR東海 名松線
関駅
三重県
JR西日本 関西本線
甲西駅
滋賀県
JR西日本 草津線
梅迫駅
京都府
JR西日本 舞鶴線
鍼灸大学前駅
京都府
JR西日本 山陰本線
東羽衣駅
大阪府
JR西日本 阪和線
丹波大山駅
兵庫県
JR西日本 福知山線
小野町駅
兵庫県
JR西日本 加古川線
青倉駅
兵庫県
JR西日本 播但線
金橋駅
奈良県
JR西日本 桜井線
志都美駅
奈良県
JR西日本 和歌山線
紀伊姫駅
和歌山県
JR西日本 紀勢本線
島尾駅
富山県
JR西日本 氷見線
林駅
富山県
JR西日本 城端線
金丸駅
石川県
JR西日本 七尾線
足羽駅
福井県
JR西日本 越美北線
若狭和田駅
福井県
JR西日本 小浜線
名和駅
鳥取県
JR西日本 山陰本線
那岐駅
鳥取県
JR西日本 因美線
河崎口駅
鳥取県
JR西日本 境線
武庫駅
鳥取県
JR西日本 伯備線
波子駅
島根県
JR西日本 山陰本線
出雲八代駅
島根県
JR西日本 木次線
常山駅
岡山県
JR西日本 宇野線
金川駅
岡山県
JR西日本 津山線
邑久駅
岡山県
JR西日本 赤穂線
足守駅
岡山県
JR西日本 吉備線
丹治部駅
岡山県
JR西日本 姫新線
新広駅
広島県
JR西日本 呉線
中島駅
広島県
JR西日本 可部線
戸坂駅
広島県
JR西日本 芸備線
甲奴駅
広島県
JR西日本 福塩線
特牛駅
山口県
JR西日本 山陰本線
大歳駅
山口県
JR西日本 山口線
草江駅
山口県
JR西日本 宇部線
南中川駅
山口県
JR西日本 小野田線
勝間駅
山口県
JR西日本 岩徳線
美祢駅
山口県
JR西日本 美祢線
金比羅前駅
徳島県
JR四国 鳴門線
学駅
徳島県
JR四国 徳島線
木岐駅
徳島県
JR四国 牟岐線
三本松駅
香川県
JR四国 高徳線
伊予白滝駅
愛媛県
JR四国 予讃線
五十崎駅
愛媛県
JR四国 内子線
土佐北川駅
高知県
JR四国 土讃線
十川駅
高知県
JR四国 予土線
二島駅
福岡県
JR九州 筑豊本線
須恵中央駅
福岡県
JR九州 香椎線
西添田駅
福岡県
JR九州 日田彦山線
筑前庄内駅
福岡県
JR九州 後藤寺線
大川野駅
佐賀県
JR九州 筑肥線
本牟田部駅
佐賀県
JR九州 唐津線
本川内駅
長崎県
JR九州 長崎本線
新大村駅
長崎県
JR九州 大村線
有佐駅
熊本県
JR九州 鹿児島本線
赤瀬駅
熊本県
JR九州 三角線
豊後中村駅
大分県
JR九州 久大本線
大分大学前駅
大分県
JR九州 豊肥本線
飫肥駅
宮崎県
JR九州 日南線
高崎新田駅
宮崎県
JR九州 吉都線
姶良駅
鹿児島県
JR九州 日豊本線
大隅横川駅
鹿児島県
JR九州 肥薩線
二月田駅
鹿児島県
JR九州 指宿枕崎線
 
Answer Stats
Answer % Correct
端野駅
北海道
JR北海道 石北本線
19%
川端駅
北海道
JR北海道 石勝線
19%
土佐北川駅
高知県
JR四国 土讃線
15%
飫肥駅
宮崎県
JR九州 日南線
15%
鹿又駅
宮城県
JR東日本 石巻線
12%
二見浦駅
三重県
JR東海 参宮線
12%
関駅
三重県
JR西日本 関西本線
12%
三本松駅
香川県
JR四国 高徳線
12%
豊後中村駅
大分県
JR九州 久大本線
12%
大岸駅
北海道
JR北海道 室蘭本線
8%
中沢駅
青森県
JR東日本 津軽線
8%
折壁駅
岩手県
JR東日本 大船渡線
8%
羽後長野駅
秋田県
JR東日本 田沢湖線
8%
古口駅
山形県
JR東日本 陸羽西線
8%
冠着駅
長野県
JR東日本 篠ノ井線
8%
洗馬駅
長野県
JR東海 中央本線
8%
飛騨金山駅
岐阜県
JR東海 高山本線
8%
梅迫駅
京都府
JR西日本 舞鶴線
8%
大歳駅
山口県
JR西日本 山口線
8%
学駅
徳島県
JR四国 徳島線
8%
大隅横川駅
鹿児島県
JR九州 肥薩線
8%
夜ノ森駅
福島県
JR東日本 常磐線
8%
大越駅
福島県
JR東日本 磐越東線
4%
文挟駅
栃木県
JR東日本 日光線
4%
大金駅
栃木県
JR東日本 烏山線
4%
黒山駅
新潟県
JR東日本 白新線
4%
宇佐美駅
静岡県
JR東日本 伊東線
4%
丹波大山駅
兵庫県
JR西日本 福知山線
4%
金丸駅
石川県
JR西日本 七尾線
4%
那岐駅
鳥取県
JR西日本 因美線
4%
波子駅
島根県
JR西日本 山陰本線
4%
金川駅
岡山県
JR西日本 津山線
4%
伊予白滝駅
愛媛県
JR四国 予讃線
4%
二島駅
福岡県
JR九州 筑豊本線
4%
大川野駅
佐賀県
JR九州 筑肥線
4%
有佐駅
熊本県
JR九州 鹿児島本線
4%
岩本駅
群馬県
JR東日本 上越線
0%
越後広田駅
新潟県
JR東日本 信越本線
0%
小島谷駅
新潟県
JR東日本 越後線
0%
志都美駅
奈良県
JR西日本 和歌山線
0%
No matching quizzes found
Score Distribution
Percent of People with Each Score
Percentile by Number Answered
Your Score History
You have not taken this quiz